| 000 | 01307nam a22003017a 4500 | ||
|---|---|---|---|
| 001 | 8352 | ||
| 003 | FISKH | ||
| 005 | 20260319153720.0 | ||
| 008 | 250910b cb ||||| |||| 00| 0 eng d | ||
| 020 | _a9780070580510 | ||
| 040 |
_aFISKH _beng _cFISKH _dFISKH |
||
| 050 | _aQH541.R27 | ||
| 082 | _a577.34 | ||
| 100 | _aM.Silver, Donald | ||
| 245 |
_aOne small square : _bTropical rain forest / _cBy Donald M.Silver ; Illustrated by Patricia J.Wynne |
||
| 250 | _aThis edition first published in 1999 | ||
| 260 |
_aNew York : _bLearning, _c1999 |
||
| 300 |
_a48 pages : _bcolor illustrations ; _c23 cm |
||
| 505 | _aR | ||
| 520 | _aBats and big cats. Armies of ants. Squawking parrots. Strangling figs. From the ground up to the tree tops, the tropical rainforest teems with life. Stunning drawings, step-by-step experiments, fun-to-do activities, and fascinating facts abound in this magical exploration of an essential ecosystem, in danger of disappearing forever. Tropical Rain Forest is a new edition to the One Samll Square Series not previously published in hardcover. | ||
| 521 | 8 |
_a720
_bLexile |
|
| 521 | 8 |
_aR
_bRaz-Plus |
|
| 650 |
_2Habitats _aRainforests |
||
| 650 |
_2Science _aNature study |
||
| 700 |
_aJ.Wynne, Patricia _dillustrator |
||
| 942 |
_2ddc _cBK _n0 |
||
| 999 |
_c8352 _d8352 |
||